| 000 | 01287ngm a22003610a 4500 | ||
|---|---|---|---|
| 001 | PT38744 | ||
| 003 | AR-LpoUNG | ||
| 005 | 20210202000531.0 | ||
| 007 | vd cvaizq | ||
| 008 | 191001s2009||||ag |||||||||||||||||spa d | ||
| 037 | _c$7.65 | ||
| 040 |
_aAR-LpoUNG _bspa _cAR-LpoUNG _eaacr |
||
| 041 | _aspa | ||
| 044 | _aag | ||
| 082 | 0 | _a305.56 828bon | |
| 100 | 1 |
_aRosell, Ulises _edir. |
|
| 245 | 1 | 0 | _aBonanza |
| 260 |
_aBuenos Aires : _bSBP, _c2009. |
||
| 300 | _aDVD (81 min.) : son., col. | ||
| 505 | 0 | _aHecha en 2003. - Elenco: Bonanza Muchinsci, Norberto Muchinsci, Verónica Muchinsci. | |
| 520 | _aEl Film Bonanza, de Ulises Rosell, narra la historia de vida y la forma en que conviven un padre de sesenta años con sus dos hijos y un montón de animales: pájaros, serpientes, zorros, nutrias. El personaje principal es Bonanza Muchinsci, un viejo ladrón, aventurero, cazador de serpientes, chatarrero. Con él conviven su hija Verónica y Norberto, un gordo simpático que vive del desarme de autos. | ||
| 650 | 4 | _aARGENTINA | |
| 650 | 4 | _aFAMILIA | |
| 650 | 4 | _aGRUPOS | |
| 650 | 4 | _aRELACIONES HUMANAS | |
| 651 | 4 | _aArgentina | |
| 653 | _aCINE ARGENTINO | ||
| 653 | _aCOMEDIA | ||
| 653 | _aDVD | ||
| 653 | _aVIDEOS | ||
| 905 | _a38744 | ||
| 942 | _cDVD | ||
| 999 |
_c55055 _d55055 |
||